| 000 | 00681 a2200205 4500 | ||
|---|---|---|---|
| 999 |
_c2312 _d2312 |
||
| 020 | _a9782869785908 | ||
| 050 | _aHQ1075 MAF 2015 | ||
| 100 |
_aMafa,Onias _eauthor |
||
| 245 |
_aGender,politics and land use in Zimbabwe 1980-2012 _cOnias Mafa,Enna S.Gudhlanga,Norman Manyeruke,...etal |
||
| 264 |
_aSenegal: _bCodesria, _c2015 |
||
| 300 |
_a233p. _bill. |
||
| 500 | _aIncludes bibliographical references and index | ||
| 650 |
_aGender and Politics-- _xResearch |
||
| 651 | _aZimbabwe | ||
| 700 |
_aGudhlanga,Enna S. _eauthor |
||
| 700 |
_aManyeruke,Norman _eauthor |
||
| 700 |
_aMatavire,Ephraim H.M _eauthor |
||
| 700 |
_aMpofu, John _eauthor |
||
| 942 |
_2lcc _cBK _h1075 _iMAF _kHQ |
||